| 000 | 00671cam a2200229 a 4500 | ||
|---|---|---|---|
| 001 | 000011176 | ||
| 005 | 20200929162359.0 | ||
| 008 | 030514s2001 ck 000 0 spa | ||
| 020 | _a9583328154 | ||
| 040 |
_aDO-SdBNP _cDLC |
||
| 082 |
_aCu863.44 _bM828m |
||
| 100 | 1 |
_aMorales Riveira, Agustín, _d1947- _926703 |
|
| 245 | 1 | 0 |
_aMartina y el egotista / _cAgustín Morales Riveira. |
| 260 |
_aBogotá : _bLa Serpiente Emplumada, _c2001. |
||
| 300 |
_a286 p. : ; _c21 cm. |
||
| 490 | 1 | _aVestido rojo | |
| 650 | 4 |
_aNovela cubana _92316 |
|
| 650 | 4 |
_aLiteratura cubana _91483 |
|
| 830 | 0 |
_aVestido rojo _926704 |
|
| 910 | _aCatalogación derivada / LC | ||
| 049 | _aBNGR | ||
| 999 |
_c10900 _d10900 |
||